Kúpa podniku alebo jeho časti v Slovenskej republike

Guardado en:
Detalles Bibliográficos
Autor principal: Podmanická, Martina, 1977-
Formato: Capítulo de libro
Lenguaje:inglés
Materias:
Etiquetas: Agregar Etiqueta
Sin Etiquetas, Sea el primero en etiquetar este registro!

MARC

LEADER 00000naa$a2200000$$$4500
001 0270849
005 20240502074241.5
041 0 |a eng 
044 |a SK 
245 1 0 |a Kúpa podniku alebo jeho časti v Slovenskej republike  |c Martina Podmanická 
500 |a abstrakt 
610 2 0 |a kúpa 
610 2 0 |a podnik 
610 2 0 |a predaj 
610 2 0 |a cena nehnuteľností 
100 1 |a Podmanická, Martina, 1977-